| 000 | 00611nam a2200205Ia 4500 | ||
|---|---|---|---|
| 003 | GCL | ||
| 005 | 20240530103626.0 | ||
| 008 | 140319s9999 xx 000 0 ara d | ||
| 040 |
_aGCL / _cGCL |
||
| 082 | 0 | 4 |
_a720.9 _bع د |
| 100 | 1 | _aعبدالرحيم سالم | |
| 245 | 1 | 0 |
_aدراسات فى الشكل والتطور المعمارى / _cعبدالرحيم سالم |
| 250 | _aط1 | ||
| 260 |
_bالمؤلف ، _c1993 |
||
| 300 |
_a186 ص ؛ _c24 سم |
||
| 650 | 0 | 4 | _aالعمارة الاسلامية |
| 650 | 0 | 4 | _aالعمارة |
| 650 | 0 | 4 | _aالهندسة المعمارية |
| 942 |
_2ddc _cBK |
||
| 999 |
_c41265 _d41265 |
||